Most Populated Cities Ending In ......? - Statistics

General Stats
  • This quiz has been taken 39 times
    16 since last reset
  • The average score is 10 of 18
Answer Stats
Letter(Millions) Answer % Correct
O( 37) Tokyo
100%
G (20) Beijing
92%
W(12) Moscow
92%
I( 31) New Delhi
92%
U( 13) Guangzhou
85%
L (15) Istanbul
77%
Y(21) Mexico City
77%
K(10) Bangkok
62%
S (15) Lagos
54%
A( 21) Dhaka
46%
E (13) Lahore
38%
D(10) Hyderabad
31%
H(7) Riyadh
31%
N (13) Tianjin
31%
R(8) Kuala Lumpur
23%
V(4) Tel Aviv
23%
M(7) Dar Es Salaam
15%
T(8) Surat
8%
No matching quizzes found
Score Distribution
Percent of People with Each Score
Percentile by Number Answered
Your Score History
You have not taken this quiz since the last reset